[Event "Muensterland Verbandsklasse 1617"]
[Site "Germany"]
[Date "2017.03.25"]
[Round "8.7"]
[White "Reschka, Reinhard"]
[Black "Steens, Rudolf"]
[Result "0-1"]
[WhiteElo "1239"]
[BlackElo "1752"]
[PlyCount "100"]
[EventDate "2016.09.24"]
[EventType "team"]
[EventRounds "9"]
[EventCountry "GER"]
[SourceTitle "EXT 2018"]
[Source "ChessBase"]
[SourceDate "2017.10.13"]
[SourceVersion "1"]
[SourceVersionDate "2017.10.13"]
[SourceQuality "1"]
[WhiteTeam "Muenster SK V"]
[BlackTeam "Nordwalde"]
[WhiteTeamCountry "GER"]
[BlackTeamCountry "GER"]

1. e4 e6 2. d4 d5 3. exd5 exd5 4. Nf3 Bd6 5. Bd3 Ne7 6. Ng5 Bf5 7. Qh5 g6 8. Qh6 Bxd3 9. Qg7 Rf8 10. Nxh7 Nf5 11. Nf6+ Ke7 12. Nxd5+ Ke6 13. Qf6+ Qxf6 14. Nxf6 Kxf6 15. cxd3 Nxd4 16. Kd2 Bf4+ 17. Kc3 Bxc1 18. Kxd4 Bxb2+ 19. Nc3 Nc6+ 20. Kc4 Bxa1 21. Rxa1 Ne5+ 22. Kd4 Rad8+ 23. Nd5+ Kg7 24. Ke4 Nxd3 25. Nxc7 Nxf2+ 26. Kf3 Nd3 27. Rb1 Nc5 28. Re1 a6 29. Re7 Kf6 30. Re2 Ne6 31. Nxe6 fxe6 32. Ke4 Rd5 33. Rf2+ Ke7 34. Rc2 Rfd8 35. Ke3 e5 36. g4 Ke6 37. Rb2 Rd3+ 38. Ke2 b5 39. Rc2 e4 40. Rc6+ R8d6 41. Rc8 Ke5 42. Rc2 Rh3 43. Kf1 e3 44. Kg2 Rxh2+ 45. Kxh2 Rd2+ 46. Rxd2 exd2 47. a4 Kf4 48. axb5 d1Q 49. b6 Qe2+ 50. Kh3 Qf2 0-1

[Event "GER Seniors Derby 02nd"]
[Site "Wesel/Heidelust"]
[Date "2003.03.15"]
[Round "6"]
[White "Helm, Dieter"]
[Black "Reschka, Reinhard"]
[Result "1-0"]
[WhiteElo "1636"]
[BlackElo "1478"]
[PlyCount "85"]
[EventDate "2003.03.13"]
[EventType "swiss"]
[EventRounds "7"]
[EventCountry "GER"]
[SourceTitle "EXT 2006"]
[Source "ChessBase"]
[SourceDate "2005.11.24"]
[SourceVersion "1"]
[SourceVersionDate "2005.11.24"]
[SourceQuality "1"]

1. e4 e5 2. f4 Nc6 3. Nf3 d6 4. Bc4 Bg4 5. 0-0 Bxf3 6. Qxf3 Nd4 7. Qd3 c5 8. c3 Nc6 9. Qf3 Nf6 10. d3 a6 11. a4 g6 12. fxe5 b5 13. axb5 Nxe5 14. Qxf6 Qxf6 15. Rxf6 Nxc4 16. dxc4 Be7 17. Rf3 a5 18. Bf4 g5 19. Bg3 h5 20. Rd3 Kd7 21. h3 f6 22. Na3 Rag8 23. Rad1 h4 24. Bxd6 g4 25. Bxc5+ Ke6 26. Bxe7 Kxe7 27. c5 gxh3 28. Rxh3 Rg4 29. Re1 Rhg8 30. Re2 Ke6 31. c6 f5 32. exf5+ Kxf5 33. Rf3+ Kg5 34. c7 Rh8 35. Kh2 Kg6 36. b6 h3 37. Rxh3 Rc8 38. b7 a4 39. bxc8Q Rxg2+ 40. Rxg2+ Kf7 41. Qd7+ Kf6 42. Rf3+ Ke5 43. Re2# 1-0

[Event "GER Seniors Derby 02nd"]
[Site "Wesel/Heidelust"]
[Date "2003.03.15"]
[Round "5"]
[White "Reschka, Reinhard"]
[Black "Holzenkaempfer, Dieter"]
[Result "1-0"]
[WhiteElo "1478"]
[BlackElo "1364"]
[PlyCount "139"]
[EventDate "2003.03.13"]
[EventType "swiss"]
[EventRounds "7"]
[EventCountry "GER"]
[SourceTitle "EXT 2006"]
[Source "ChessBase"]
[SourceDate "2005.11.24"]
[SourceVersion "1"]
[SourceVersionDate "2005.11.24"]
[SourceQuality "1"]

1. e4 e5 2. Nf3 Nc6 3. Bc4 Nf6 4. d3 h6 5. a3 a6 6. Nc3 Bc5 7. h3 d6 8. Nd5 Nxd5 9. Bxd5 Qf6 10. Bxc6+ bxc6 11. Qe2 0-0 12. Be3 Bb6 13. g4 Bxe3 14. Qxe3 d5 15. g5 d4 16. gxf6 dxe3 17. fxg7 exf2+ 18. Kxf2 Kxg7 19. Nxe5 f5 20. Rag1+ Kh7 21. Rg6 fxe4+ 22. Ke3 exd3 23. Rhg1 Bf5 24. Rg7+ Kh8 25. cxd3 Rae8 26. d4 c5 27. Kd2 Be6 28. Rxc7 cxd4 29. Ng6+ Kg8 30. Ne5+ Kh8 31. Rgg7 Bf5 32. Ng6+ Bxg6 33. Rxg6 Rf2+ 34. Kd3 Rf3+ 35. Kxd4 Rxh3 36. Rxa6 Rd8+ 37. Kc4 Rf8 38. b4 Rh5 39. Kb3 Rh3+ 40. Ka4 Rh2 41. Raa7 Rg2 42. Rh7+ Kg8 43. Rxh6 Rg3 44. b5 Rf4+ 45. Ka5 Rxa3+ 46. Kb6 Rxa7 47. Kxa7 Rf7+ 48. Ka6 Kf8 49. b6 Rf3 50. Ka7 Ra3+ 51. Kb8 Kg7 52. Rc6 Re3 53. b7 Kf7 54. Ka7 Re7 55. Kb6 Re8 56. Ka7 Re7 57. Ka8 Rxb7 58. Kxb7 Ke7 59. Rb6 Kd7 60. Rg6 Kd8 61. Rg7 Ke8 62. Kc6 Kf8 63. Rd7 Ke8 64. Kd6 Kf8 65. Re7 Kg8 66. Ke6 Kf8 67. Kf6 Kg8 68. Rf7 Kh8 69. Kg5 Kg8 70. Kg6 1-0

[Event "GER Seniors Derby 02nd"]
[Site "Wesel/Heidelust"]
[Date "2003.03.13"]
[Round "2"]
[White "Timm, Christian"]
[Black "Reschka, Reinhard"]
[Result "0-1"]
[WhiteElo "1440"]
[BlackElo "1478"]
[PlyCount "64"]
[EventDate "2003.03.13"]
[EventType "swiss"]
[EventRounds "7"]
[EventCountry "GER"]
[SourceTitle "EXT 2006"]
[Source "ChessBase"]
[SourceDate "2005.11.24"]
[SourceVersion "1"]
[SourceVersionDate "2005.11.24"]
[SourceQuality "1"]

1. e4 e6 2. Nf3 b6 3. d4 Bb7 4. Bd3 d5 5. e5 f6 6. 0-0 h6 7. Bg6+ Kd7 8. Re1 f5 9. Nh4 Qxh4 10. Bxf5 exf5 11. Nc3 Bb4 12. Qd3 Bxc3 13. Qxf5+ Ke8 14. bxc3 Ne7 15. Qd3 Ba6 16. Qd2 Rf8 17. Ba3 Nbc6 18. Re3 Qg5 19. Qd1 Nf5 20. Rf3 Rf7 21. Bc1 Qg6 22. Rf4 Kd8 23. Qf3 Bc4 24. Qh3 Nfe7 25. Rg4 Qxc2 26. Bf4 Nf5 27. e6 Re7 28. Rg6 Kc8 29. a3 Kb7 30. g4 Nd6 31. Bxd6 cxd6 32. Qh4 Qxg6 0-1